| 000 | 00428nam a22001337a 4500 | ||
|---|---|---|---|
| 082 |
_a515.160212 _bNIE _cL-4, P-4 |
||
| 245 |
_aLogarithamic and trigonometric tables five places _bNielsen, Kaj L. |
||
| 260 |
_aNew York _bBarnes & Noble, Inc _c1874 |
||
| 300 |
_axxxi, 125 p. : _bill, ; _c20 cm. |
||
| 526 |
_a0 _b0 _c0 _d515_160212000000000_NIE |
||
| 526 |
_a0 _b0 _c0 _d515_160212000000000_NIE |
||
| 650 |
_aMCE _9379 |
||
| 942 |
_2ddc _cBK |
||
| 999 |
_c543751 _d543751 |
||